ARRUPE JESUIT UNIVERSITY

CORONAVIRUS -STOP THE SPREAD - CLEAN,DISINFECT,COVER

Zimbabwe's new diaspora : (Record no. 127021)

MARC details
000 -LEADER
fixed length control field 01329cam a2200301 a 4500
001 - CONTROL NUMBER
control field 16212352
003 - CONTROL NUMBER IDENTIFIER
control field ARRUPE
005 - DATE AND TIME OF LATEST TRANSACTION
control field 20171004092802.0
008 - FIXED-LENGTH DATA ELEMENTS--GENERAL INFORMATION
fixed length control field 100430s2010 nyu b 001 0 eng
010 ## - LIBRARY OF CONGRESS CONTROL NUMBER
LC control number 2010018161
020 ## - INTERNATIONAL STANDARD BOOK NUMBER
International Standard Book Number 9781845456580 (hardback : alk. paper)
035 ## - SYSTEM CONTROL NUMBER
System control number (OCoLC)ocn437298827
040 ## - CATALOGING SOURCE
Original cataloging agency DLC
Transcribing agency DLC
Modifying agency BTCTA
-- YDXCP
-- C#P
-- CDX
-- DLC
043 ## - GEOGRAPHIC AREA CODE
Geographic area code f-rh---
050 00 - LIBRARY OF CONGRESS CALL NUMBER
Classification number DT2913.15
Item number .Z56 2010
082 00 - DEWEY DECIMAL CLASSIFICATION NUMBER
Classification number 325
Edition number 22
300 ## - PHYSICAL DESCRIPTION
Dimensions 24 cm.
245 00 - TITLE STATEMENT
Title Zimbabwe's new diaspora :
Remainder of title displacement and the cultural politics of survival /
Statement of responsibility, etc edited by JoAnn McGregor and Ranka Primorac.
260 ## - PUBLICATION, DISTRIBUTION, ETC. (IMPRINT)
Place of publication, distribution, etc New York :
Name of publisher, distributor, etc Berghahn Books,
Date of publication, distribution, etc c2010.
300 ## - PHYSICAL DESCRIPTION
Extent vi, 286 p. ;
490 1# - SERIES STATEMENT
Series statement Studies in forced migration ;
Volume number/sequential designation v. 31
504 ## - BIBLIOGRAPHY, ETC. NOTE
Bibliography, etc Includes bibliographical references and index.
650 #0 - SUBJECT ADDED ENTRY--TOPICAL TERM
Topical term or geographic name as entry element Zimbabweans
Geographic subdivision Foreign countries
General subdivision Politics and government.
9 (RLIN) 36680
650 #0 - SUBJECT ADDED ENTRY--TOPICAL TERM
Topical term or geographic name as entry element Forced migration
Geographic subdivision Zimbabwe.
9 (RLIN) 36681
700 1# - ADDED ENTRY--PERSONAL NAME
Personal name McGregor, JoAnn.
9 (RLIN) 31029
700 1# - ADDED ENTRY--PERSONAL NAME
Personal name Primorac, Ranka.
9 (RLIN) 36682
830 #0 - SERIES ADDED ENTRY--UNIFORM TITLE
Uniform title Studies in forced migration ;
Volume number/sequential designation v. 31.
9 (RLIN) 36683
906 ## - LOCAL DATA ELEMENT F, LDF (RLIN)
a 7
b cbc
c orignew
d 1
e ecip
f 20
g y-gencatlg
942 ## - ADDED ENTRY ELEMENTS (KOHA)
Source of classification or shelving scheme Library of Congress Classification
Koha item type Monograph ( Printed materials)
Holdings
Withdrawn status Lost status Source of classification or shelving scheme Damaged status Not for loan Collection code Home library Current library Shelving location Date acquired Total Checkouts Full call number Barcode Date last seen Price effective from Koha item type
    Library of Congress Classification     Main Collection ARRUPE LIBRARY ARRUPE LIBRARY Main Collection 04/10/2017   DT2913.15 .Z56 2010 46500027763 07/12/2017 04/10/2017 Monograph ( Printed materials)

 

Arrupe Library. PO Box MP320 Mt Pleasant, Harare, Zimbabwe
263 242 745411|librarian@aju.ac.zw